Statistics for Guess the Taylor Swift Song (no hints) 51

Click here to take the quiz!

General Stats

  • This quiz has been taken 61 times
    (3 since last reset)
  • The average score is 201 of 377

Answer Stats

Answer% Correct
I
100%
me
100%
my
100%
the
100%
The
100%
was
100%
were
100%
where
100%
you
100%
You
100%
And
67%
and
67%
But
67%
Do
67%
eyes?
67%
he
67%
in
67%
is
67%
it
67%
love
67%
on
67%
that
67%
them
67%
there's
67%
to
67%
Your
67%
your
67%
29th?
33%
aisle
33%
April
33%
around,
33%
around
33%
as
33%
At
33%
at
33%
back
33%
Bad
33%
bent
33%
blind
33%
broken,
33%
brought
33%
burn
33%
can
33%
chart
33%
city
33%
coming,
33%
constellations
33%
count
33%
dancing
33%
didn't
33%
different
33%
down
33%
Dragged
33%
enough
33%
enough,
33%
far
33%
feet
33%
fence
33%
freeloading
33%
game
33%
good
33%
have
33%
headphones
33%
High
33%
his
33%
hoping
33%
house
33%
how
33%
husband
33%
I'd
33%
if
33%
infidelity
33%
it's
33%
just
33%
keeping
33%
kill
33%
knives
33%
know
33%
life?
33%
like
33%
Lock
33%
lonely,
33%
loving
33%
many
33%
meeting
33%
money
33%
never
33%
Oh,
33%
oh,
33%
omen
33%
one
33%
open,
33%
pay
33%
picket
33%
Put
33%
Rain
33%
really
33%
records
33%
regret
33%
right
33%
said
33%
Seemed
33%
sharp
33%
slowest
33%
slur
33%
soaking,
33%
spoken
33%
Storm
33%
tell
33%
thing
33%
time
33%
token
33%
tonight
33%
too
33%
truth
33%
want
33%
way
33%
ways
33%
Wound
33%
you'd
33%

Score Distribution

Percentile by Number Answered

Percent of People with Each Score

Your Score History

You have not taken this quiz since the last reset